La Corrupción política /
El documento consiste en una compilación de ensayos de diversos autores, en el que se trata el tema de la corrupción política, con el fin de presentar una critica a este fenómeno y tratar de impedir que exista o que se tomen mediada en contra del mismo.
Shranjeno v:
| Glavni avtor: | |
|---|---|
| Drugi avtorji: | |
| Format: | Texto |
| Jezik: | Spanish |
| Izdano: |
Madrid :
Alianza Editorial
1997
|
| Teme: | |
| Oznake: |
Označite
Brez oznak, prvi označite!
|
MARC
| LEADER | 00000 a a2200000 04500 | ||
|---|---|---|---|
| 001 | 27273 | ||
| 003 | cru CIDCACS/IIS | ||
| 005 | 20230707102715.0 | ||
| 008 | 230510b1997 sp ||||| |||| 00| 0 spa d | ||
| 020 | |a 84-206-9490-8 | ||
| 022 | |a 84-206-9490-8 | ||
| 040 | |c CRAI/IIS | ||
| 090 | |a 02.04.02 C825c | ||
| 100 | |a Laporta, Francisco J. | ||
| 245 | |a La Corrupción política / |c Francisco J. Laporta, editor;et.al. | ||
| 260 | |a Madrid : |b Alianza Editorial |c 1997 | ||
| 300 | |a 372 páginas | ||
| 500 | |a Fotocopia | ||
| 505 | |a Incluye Bibliografía seleccionada | ||
| 520 | |a El documento consiste en una compilación de ensayos de diversos autores, en el que se trata el tema de la corrupción política, con el fin de presentar una critica a este fenómeno y tratar de impedir que exista o que se tomen mediada en contra del mismo. | ||
| 650 | |a CORRUPCION | ||
| 650 | |a CRISIS POLITICA | ||
| 650 | |a PROBLEMAS POLITICOS | ||
| 650 | |a ASPECTOS JURIDICOS | ||
| 650 | |a POLITICOS | ||
| 700 | |a Alvarez, Silvina;editora;Garzón Valdés, Ernesto; Alvarez, Silvina; López Calera, Nicolás; Jiménez de Parga, Manuel; Pradera, Javier; Sánchez Morón, Miguel; Ibáñez, Perfecto Andrés; Auger, Clemente; Cortina, Adela; Lamo de Espinoza, Emilio; Jiménez Sánchez, Fernando; Arroyo Martínez, Luis | ||
| 942 | |2 ddc |c LI |h 02.04.02 C825c |i 02900 |6 020402_C825C_02900 | ||
| 999 | |c 1793 |d 1793 | ||



